| 000 | 00687cam3a220020500 4500 | ||
|---|---|---|---|
| 001 | qce01885099 | ||
| 005 | 20190826101727.0 | ||
| 008 | 770506s1974 yu 000 0 eng d | ||
| 035 | _a(Sirsi) r104123 | ||
| 035 | _a(aeQCAT)lss01580427 | ||
| 035 | _a(UPRA)qce01885099 | ||
| 040 | _dUPRA | ||
| 050 | 0 | _aDR 370 Fac 1976 | |
| 245 | 0 | 0 |
_aFacts about Yugoslavia / _cPrepared by: Yugoslav Review. |
| 260 |
_aBelgrade : _bFederal Committee for Information, _c1976. |
||
| 651 | 0 |
_aYugoslavia. _6S47573.1 |
|
| 949 |
_aDR 370 Fac 1976 _wlcc _c 2 _i33729000046883 _mMAIN _p2500 _tBOOK _lON-SHELF |
||
| 949 |
_aDR 370 Fac 1976 _wlcc _c 1 _i33729000046941 _mMAIN _p2500 _tBOOK _lON-SHELF |
||
| 004 | 104123 | ||
| 999 |
_c163987 _d163987 |
||